Catálogo
Digital

Catálogo
Digital

Efraín Miranda (Record no. 14461)

MARC details
000 -CABECERA
campo de control de longitud fija 01134nam a2200289 4500
003 - IDENTIFICADOR DEL NÚMERO DE CONTROL
campo de control EC-UNACH
006 - CÓDIGOS DE INFORMACIÓN DE LONGITUD FIJA--CARACTERÍSTICAS DEL MATERIAL ADICIONAL
campo de control de longitud fija s||||gr|||| 00| 00
008 - DATOS DE LONGITUD FIJA--INFORMACIÓN GENERAL
campo de control de longitud fija 150116t9999 mx r gr 000 0 spa d
020 ## - NÚMERO INTERNACIONAL ESTÁNDAR DEL LIBRO
Número Internacional Estándar del Libro 978-612-47200-0-0
040 ## - FUENTE DE LA CATALOGACIÓN
Centro catalogador/agencia de origen EC-UNACH
Centro/agencia transcriptor EC-UNACH
041 ## - CÓDIGO DE LENGUA
Código de lengua del texto/banda sonora o título independiente spa
082 04 - NÚMERO DE LA CLASIFICACIÓN DECIMAL DEWEY
Número de edición 23
Número de clasificación 800
Número de documento/Ítem L017453
100 ## - ENTRADA PRINCIPAL--NOMBRE DE PERSONA
Nombre de persona Gonzales, Guissela
245 ## - MENCIÓN DE TÍTULO
Título Efraín Miranda
Resto del título Antología Poetica
250 ## - MENCIÓN DE EDICIÓN
Mención de edición Primera Edicion
264 ## - Producción, publicación, distribución, fabricación y copyright
Lugar de producción, publicación, distribución, fabricación Puno-Perú
Nombre del de productor, editor, distribuidor, fabricante Editorial Altiplano
Fecha de de producción, publicación, distribución, fabricación o copyright 2016
300 ## - DESCRIPCIÓN FÍSICA
Extensión 266 paginas
Dimensiones 21 cm.
500 ## - NOTA GENERAL
Nota general La trayectoria poética se inicia en la década del 50 a propósito de la aparición de su primer libro . valorado en ese momento por reconocidos intelectuales
505 ## - NOTA DE CONTENIDO CON FORMATO
Nota de contenido con formato Presencia de Efraín Miranda Lujan en el panorama poético Peruano Balance y Valoración.- El campo poético puneño de la década del 50.- Singularidad poética de Efraín Miranda de muerte cercana (1954) a Choza (1978)
650 ## - PUNTO DE ACCESO ADICIONAL DE MATERIA--TÉRMINO DE MATERIA
Término de materia o nombre geográfico como elemento inicial POESIA
650 ## - PUNTO DE ACCESO ADICIONAL DE MATERIA--TÉRMINO DE MATERIA
Término de materia o nombre geográfico como elemento inicial CULTURA
650 ## - PUNTO DE ACCESO ADICIONAL DE MATERIA--TÉRMINO DE MATERIA
Término de materia o nombre geográfico como elemento inicial ESTUDIO CRITICO
942 ## - ELEMENTOS DE PUNTO DE ACCESO ADICIONAL (KOHA)
Fuente del sistema de clasificación o colocación Clasificación Decimal Dewey
Tipo de ítem Koha Libros
999 ## - NÚMEROS DE CONTROL DE SISTEMA (KOHA)
Koha biblionumber 14461
Holdings
Estado de pérdida Fuente del sistema de clasificación o colocación Estado dañado No para préstamo Localización permanente Ubicación/localización actual Ubicación en estantería Fecha de adquisición Número de inventario Total de préstamos Signatura topográfica completa Código de barras Fecha visto por última vez Precio válido a partir de Tipo de ítem Koha Centro de costos
  Clasificación Decimal Dewey     Biblioteca Campus Sur Biblioteca Campus Sur Pedagogía de la Lengua y la Literetura 26/03/2026 39933079   800 GON L017453 L017453 26/03/2026 26/03/2026 Libros  

Powered by Koha